[Event "Dortmund SuperGM 27th"]
[Site "Dortmund"]
[Date "1999.07.12"]
[Round "3"]
[White "Anand, Viswanathan"]
[Black "Timman, Jan H"]
[Result "1-0"]
[WhiteElo "2771"]
[BlackElo "2650"]
[Annotator "Psakhis,L"]
[PlyCount "93"]
[EventDate "1999.07.10"]
[EventType "tourn"]
[EventRounds "7"]
[EventCountry "GER"]
[EventCategory "19"]
[SourceTitle "CBM 072"]
[Source "ChessBase"]
[SourceDate "1999.10.01"]
[SourceVersion "1"]
[SourceVersionDate "1999.10.01"]
[SourceQuality "1"]

1. e4 e6 2. d4 d5 3. Nc3 Bb4 4. e5 Ne7 5. a3 Bxc3+ 6. bxc3 c5 7. Qg4 O-O 8. Bd3
f5 9. exf6 Rxf6 10. Bg5 Rf7 11. Qh5 g6 12. Qd1 Nbc6 13. Nf3 c4 ({White keep
some initiative after} 13... Qd6 14. O-O c4 15. Be2 Nf5 16. Qd2 Ng7 17. g3 (17.
Rfe1 Bd7 18. Bf1 Raf8 19. Re2 b6 20. Bh6 Re8 21. Ne5 Nxe5 22. Rxe5 Ba4 23. g3
Nf5 24. Bf4 $14 {1-0 Apicella,M-Deslandes,P/Avoine op 1999/Ajelibre (41)})
17... Qf8 18. Bf4 Rxf4 19. Qxf4 Qxf4 20. gxf4 Nh5 21. f5 Nf4 22. Rae1 exf5 23.
Bd1 Bd7 24. h4 $14 {1-0 Vogt,L-Hansen,L/Altensteig 1993/ (55)}) ({but deserves
attention} 13... Qf8 {and just after} 14. O-O c4) 14. Be2 Qf8 15. Qc1 $5 $146 {
Interesting novelty of Anand, ussualy white continued} (15. O-O {and after} h6
16. Bh4 Nf5 17. Bg3 Bd7 (17... g5 18. Qd2 Kh7 19. h4 g4 20. Ne5 Nxg3 21. fxg3
Nxe5 22. dxe5 Bd7 23. Rxf7+ Qxf7 24. Rf1 $36 {1/2-1/2 Willemze,J-Berelovich,A/
Dieren op 1999 (40)}) 18. Re1 g5 19. Bf1 Nxg3 20. fxg3 Qd6 21. Qd2 b5 22. Re3
Raf8 $13 {just black can pretend for an advantage , 0-1 Perunovic,M-Drasko,M/
Vrnjacka Banja 1998 (40)}) ({Once white tryed} 15. Qd2 {but after} Nf5 16. g4
Nd6 17. Bh6 Ne4 $1 18. Qe3 Qd6 19. O-O Bd7 20. Nd2 Nxd2 21. Qxd2 e5 $13 {
black position is nice, Blatny-Neverov, Lazne Bohdanec 1996}) 15... Nf5 16. h4
$5 h6 17. Bf4 Bd7 18. Ne5 Nxe5 19. Bxe5 Ne7 20. Qe3 Nc6 21. Bg3 Re8 {[%cal
Gf8g7,Ge6e5]} 22. h5 g5 23. O-O {[%cal Gf2f4]} Ne7 24. Be5 $5 (24. f4 Nf5 {
is clearly to black favour}) 24... Nc6 25. Bh2 Rg7 ({Now after} 25... Ne7 {
Anand could play} 26. g4 {[%cal Gf2f4]}) 26. Bg4 {White keep initiative, but
black position is very tough and it is difficult for white to organized
breakthrough} (26. f4 $6 g4 $1 {[%csl Re2,Rh2]}) 26... Qf6 ({Maybe Timman
could sacrifice pawn-} 26... e5 $5 27. Bxd7 Rxd7 28. dxe5 (28. Bxe5 Qf5 {
[%cal Gf5c2]}) 28... Qf5 29. Rae1 Re6 $44 {with some compensation}) 27. Rae1
Qe7 {[%cal Ge7a3]} 28. a4 b6 29. Qh3 Nd8 {[%csl Ra4,Re6]} (29... Qf7 30. f4 $1)
30. Re2 (30. f4 $5) 30... Bxa4 31. f4 $1 $16 {[%cal Gf4f5]} Bd7 32. f5 Rf7 33.
Rfe1 Rf6 34. Be5 Rxf5 $6 (34... Rf7 35. Bc7 $5) 35. Bxf5 exf5 36. Bc7 {Enough,
but} (36. Bf6 $1 Qxf6 37. Rxe8+ Bxe8 38. Rxe8+ Kf7 39. Re5 $18 {wins
immediately}) 36... Ne6 $8 37. Qxf5 Qf7 (37... Nxc7 38. Rxe7 Bxf5 39. Rxe8+
Nxe8 40. Rxe8+ Kf7 41. Rh8 Kg7 42. Rd8 $18) 38. Qxf7+ Kxf7 39. Bd6 $18 {
[%csl Rd6][%cal Ge2e6,Ge1f1,Gf1f7]} a5 (39... Kg8 $5 40. Re5 Ng7 41. Rxe8+ (41.
Re7 $5) 41... Bxe8 {[%cal Ge8h5]}) 40. Rf1+ Kg7 41. Re5 Nf4 (41... Bc6 42. Ref5
) 42. Rxe8 Bxe8 43. Be5+ $1 Kg8 44. Bxf4 gxf4 45. Rxf4 Kg7 46. g4 a4 47. Kh2 (
47. Kh2 a3 48. Rf1 Ba4 49. Ra1 (49. Kg3 a2 50. Ra1 Bb3 $1 51. Kf4 Kf6) 49...
Kf6 (49... Bxc2 50. Kg3) 50. Rxa3 Bxc2 51. Kg3 Kg5 52. Ra8 $18) 1-0

[Event "Dos Hermanas-B"]
[Site "Dos Hermanas"]
[Date "2005.04.08"]
[Round "8"]
[White "Cheparinov, Ivan"]
[Black "Fernandez Romero, Ernesto"]
[Result "1/2-1/2"]
[WhiteElo "2621"]
[BlackElo "2449"]
[Annotator "Psakhis,L"]
[PlyCount "115"]
[EventDate "2005.04.01"]
[EventType "tourn"]
[EventRounds "9"]
[EventCountry "ESP"]
[EventCategory "10"]
[SourceTitle "CBM 107"]
[Source "ChessBase"]
[SourceDate "2005.08.01"]
[SourceVersion "1"]
[SourceVersionDate "2005.08.01"]
[SourceQuality "1"]

1. e4 e6 2. d4 d5 3. Nc3 Bb4 4. e5 c5 5. a3 Bxc3+ 6. bxc3 Ne7 7. Qg4 O-O 8. Bd3
Nbc6 9. Qh5 Ng6 10. Nf3 Qc7 11. Be3 Nce7 ({Another possible line is} 11... c4
12. Bxg6 fxg6 13. Qg4 Qf7 $132 {leads to big and unclear complications.}) 12.
h4 (12. dxc5 b6 $1 13. O-O bxc5 14. Ng5 (14. Rfe1 c4 15. Bxg6 fxg6 16. Qg4 Nf5
17. Nd4 Bd7 18. Rab1 Qa5 19. Nxf5 gxf5 20. Qd4 Qxa3 21. Ra1 Qb2 22. Qd2 Rf6 23.
Rxa7 Rxa7 {1/2-1/2 Goloshchapov,A-Barsov,A/BL2W 0405 2005}) 14... h6 15. Nf3 f5
16. exf6 Rxf6 17. Nh4 Nxh4 18. Qxh4 e5 19. f3 Bf5 $15 {0-1 Gutov,A-Ivanov,S/
RUS t-ch St.Petersburg 1999/CBM 71 (34)}) (12. O-O c4 13. Be2 (13. Bxg6 fxg6
14. Qg4 (14. Qh3 Bd7 15. g4 b5 16. Qg3 Qa5 17. Bd2 Nc6 18. Rfd1 h6 19. Kg2 Rf7
20. Ng1 Raf8 21. f4 Qb6 22. Ne2 a5 $15 {0-1 Sulc,D-Drasko,M/Bosnjaci op 2004 
(59)}) 14... Bd7 15. Bg5 Nf5 16. Nh4 Ba4 17. Ra2 Qf7 18. Qh3 h6 19. Nxf5 gxf5
20. Bf4 Kh7 21. g3 Qg6 $15 {[%csl Ra2,Ga4] 1/2-1/2 Perunovic,M-Drasko,M/YUG-ch
Subotica 2000/ (60)}) 13... Bd7 14. a4 {[%cal Ge3c1,Gc1a3]} (14. Ng5 h6 15. Nh3
Qa5 16. Bd2 b5 17. Rfe1 a6 18. g4 Bc6 19. g5 hxg5 20. Nxg5 Rfc8 21. Qh7+ Kf8
22. h4 $36 {1-0 Maliangkay,R-Van de Lagemaat,J/corr 1995 (40)}) 14... f6 15.
Rfe1 fxe5 ({Worth considering} 15... Be8 16. exf6 (16. Qh3 Nf5) 16... gxf6 $13)
16. Nxe5 Nxe5 17. Qxe5 Qxe5 18. dxe5 {1-0 Nakamura,H-Hoang Thanh Trang/
Budapest-4 GM-A 2002/CBM 89/[Psakhis] (41) With two bishops White has some
chances for advantage, but , I think, Black must defend without too many
troubles.}) 12... Nf5 (12... Bd7 13. a4 (13. Qg5 $5 f6 ({Looks quite risky,
but maybe not so bad for black} 13... h6 14. Qg4 Nf5) 14. exf6 gxf6 (14... Rxf6
15. h5 h6 16. Qg3 Nf4 17. Bxf4 Qxf4 18. Qxf4 Rxf4 19. Ne5 Be8 20. g3 Rf8 21.
dxc5 Nc6 22. Nxc6 Bxc6 23. f4 (23. Rb1 Rf3 24. Rb3 Raf8 25. Rh2 a5 26. a4 e5
27. Be2 {Senff,M-Drasko,M/Metz op 2001//1/2-1/2 (50)}) 23... e5 24. fxe5 Rae8
25. O-O-O Rxe5 26. g4 Bd7 27. Bg6 Bxg4 28. Rde1 Rxe1+ 29. Rxe1 Bf5 30. Re7 {
1/2-1/2 Baklan,V-Drasko,M/Paris op 2004/Chess Today '1/2-1/2 Baklan,V-Drasko,M/
Paris op 2004/(30)'}) 15. Qg3 (15. Qh6 $5 cxd4 16. h5 (16. Bxd4 e5 17. h5 Nf5
18. Bxf5 Bxf5 19. hxg6 Bxg6 $1 $132) 16... Qxc3+ $1 (16... Nf5 17. Bxf5 Qxc3+
18. Bd2 $1 Qxa1+ 19. Bc1 $18) 17. Ke2 (17. Kf1 Qxa1+ 18. Bc1 Kf7 $1 19. Qxh7+
Ke8 $17) 17... Nf5 18. Bxf5 (18. Bxd4 Nxh6 19. Bxc3 Nf4+ $19) 18... Bb5+ 19.
Kd1 dxe3 20. Ra2 $1 $16 {but he preferes a small advantage in the ending.})
15... Qxg3 16. fxg3 c4 ({Maybe} 16... h5 {could be a better choice} 17. dxc5
$13 (17. Rb1 c4 $5 18. Bxg6 Nxg6 19. Rxb7 Rfb8 20. Rb4 a5 21. Rxb8+ Rxb8 22.
O-O Rb2 23. Rf2 Ba4 $36)) 17. Bxg6 (17. h5 cxd3 18. hxg6 d2+ $5 19. Kxd2 Nxg6)
17... Nxg6 18. h5 Ne7 19. Kd2 $14 {1-0 Rowson,J-Hillarp Persson,T/York Viking
GM-A 2000/ (33)} Kg7 20. h6+ $5 (20. g4 h6 $1) 20... Kg8 21. g4 e5 ({I am not
sure, that white's advantage is real after} 21... Ng6 $142 $5 22. g5 fxg5 23.
Nxg5 Rf6 {[%cal Ga8f8]}) 22. dxe5 Bxg4 23. Bc5 Rae8 24. exf6 Rxf6 25. Ne5 $16 {
1-0 Rowson,J-Hillarp Persson,T/York Vikings GM 2000/CBM 81/[Psakhis] (32)}) (
13. Qg4 f5 14. Qh3 cxd4 15. cxd4 Bb5 16. O-O Bxd3 17. cxd3 h6 (17... Nh8 18. h5
Nf7 19. h6 g6 20. Qh4 $14 {1/2-1/2 Cheparinov,I-Matamoros Franco,C/Sevilla op
2004/ (49)}) 18. h5 Nh8 19. Kh1 Kh7 20. Bf4 Rac8 21. Rg1 Qd7 22. g4 fxg4 23.
Rxg4 Nf5 24. Rag1 Qe8 25. R4g2 Rc7 26. Bd2 Qf7 27. Qg4 Qd7 28. Kh2 b6 29. Kh1
a5 30. Kh2 Qe7 31. Rb1 Rc6 32. Rbg1 Rc7 33. Rb1 {1/2-1/2 Ivanovic,B-Drasko,M/
SCG t-ch Budva 2004/ChessBase}) 13... f6 14. exf6 Rxf6 15. O-O (15. dxc5 e5 $36
) 15... c4 16. Bxg6 (16. Be2 $2 Rf5 17. Qg4 (17. Ng5 h6) 17... e5) 16... Nxg6
17. Rfe1 $1 (17. Qg5 e5 (17... Rxf3 18. gxf3 Rf8 19. h5 Rf5 20. Qg3 Nf4 $11) (
17... h6 18. Qg3 Qxg3 19. fxg3 h5 {Doesn't look too bad for Black, but Lputian
prefers more complicated line.}) (17... Raf8 18. h5 h6 (18... Rf5 19. Qg3 Nf4
$5 (19... Qxg3 20. fxg3 Ne7 21. g4) 20. Bxf4 Qxf4 21. Qxf4 Rxf4 22. Ne5 Be8 23.
g3 Re4) 19. Qg3 Qxg3 20. fxg3 Ne7 21. a5 $36 {[%cal Gg3g4,Gf3e5]}) 18. dxe5 (
18. Nxe5 Rf5 19. Qg3 Nxe5 $11) (18. h5 $1 Rf5) 18... Rxf3 $1 {'Typical
exchange sacrifice.'} 19. gxf3 Rf8 20. Qg3 $5 Qxe5 $6 (20... Nxe5 $2 21. Bd4
Nxf3+ 22. Kg2 Qxg3+ 23. fxg3 Nxd4 24. Rxf8+ Kxf8 25. cxd4 $16) (20... Be6 $5
$44 {[%cal Gf8f5] Anand}) 21. Qxe5 Nxe5 22. Rfd1 Nxf3+ (22... Bc6 23. Bxa7) 23.
Kf1 Rf5 $13 {1-0 Anand,V-Lputian,S/New Delhi (m/2) 80/316 2000/ChessBase/
[Anand,Psakhis] (44)} (23... Bh3+ 24. Ke2 Bg4 25. Rxd5 Nxh4+ 26. Kd2 $14))
17... Raf8 $146 (17... e5 18. dxe5 Rf5 19. Ng5 Nf8 $8 20. g4 $1 (20. e6 $5)
20... Rxf2 (20... g6 $2 21. Qh6 $18) (20... Be8 $2 21. Ne6 $1 Nxe6 22. Qxf5 $16
) 21. Bxf2 Be8 22. Nf7 Bxf7 23. Qg5 Bg6 24. Qd2 Be4 25. Rxe4 (25. Rab1 $5)
25... dxe4 26. Qd5+ Qf7 (26... Kh8 27. Rb1 $14) 27. Qxf7+ Kxf7 28. Re1 Ke6 29.
Rxe4 Kd5 30. Rd4+ Kxe5 31. Rxc4 $14) (17... Qd6 18. Bg5 Rf5 19. Qg4 Nh8 20. Ne5
Nf7 21. Bf4 Nxe5 22. Bxe5 Qe7 23. Re3 Raf8 24. Rg3 R8f7 25. h5 Be8 {1/2-1/2
Smirin,I-Dolmatov,S/Moscow Aeroflot op 2003/The Week in Chess 433 (61)}) 18. a5
Qc8 (18... Rxf3 19. gxf3 e5 20. dxe5 Rf5 21. Qg4 Be6 $44 (21... Nxe5 $2 22. Bf4
$1 Nxg4 23. Bxc7 Rxf3 24. Bg3 Rxc3 25. Re7 Bc6 26. a6 $1 $16)) (18... e5 $5)
19. Ne5 Be8 (19... Rf5 $6 20. Nxg6 Rxh5 21. Ne7+ Kf7 22. Nxc8 Bxc8 23. Bg5 $1 {
/\ g4}) (19... Nxe5 20. Qxe5 Be8 21. f3 $14) 20. Qg4 (20. Qd1 $5 Rf5 21. Nxg6
Bxg6 22. f3 Qc7 23. Bf2 R5f6 24. Re5 $14) 20... Rf5 $132 {1/2-1/2 Dominguez,
L-Matamoros Franco,C/Rio de Janeiro 2003 (32)}) ({Worth of consideration is} 
12... c4 $5 {and doesn't work} 13. Ng5 $2 h6 14. Nxf7 cxd3) 13. g4 Nxe3 14.
fxe3 cxd4 ({Much weaker is} 14... c4 15. Ng5 $1 h6 16. Bxg6 fxg6 17. Qxg6 hxg5
18. hxg5 Qe7 (18... Rf7 19. Qh7+ Kf8 20. g6 $18) 19. Qh5 {[%cal Rg5g6]} g6 20.
Qh8+ Kf7 21. Rh7+ $18 {with decisive attack}) 15. O-O (15. cxd4 Qc3+ 16. Ke2
Bd7 17. Rab1 (17. Ng5 $6 h6 18. Nxf7 {leads just to draw after} Rxf7 (18...
Nf4+ 19. exf4 Rxf7 20. Qg6 $16) 19. Qxg6 Rf2+ $1 20. Kxf2 Qd2+ 21. Kg3 Qxe3+
22. Kg2 Qd2+ $11) 17... Be8 (17... b6 18. Rb3 Qc7 19. Ng5 h6 20. Nxf7 $1 $40 {
white's advantage is obvious}) 18. Ng5 h6 19. Rxb7 (19. Rb3 Qc6 20. Nxf7 Nf4+
$1 21. exf4 Bxf7 22. Bg6 Bxg6 23. Qxg6 Rxf4 $17 {it will be very difficult to
protect white king .}) 19... Qc8 20. Rhb1 ({White could try also} 20. Rxf7 hxg5
$1 (20... Rxf7 21. Nxf7 Nf4+ 22. exf4 Bxf7 23. Bg6 Qc4+ $11) 21. Bxg6 Rxf7 22.
Qh7+ Kf8 23. Bxf7 Bxf7 24. Kd2 $1 $13 {but text is stronger}) 20... Nxe5 ({
An optional alternative demonstrates that White's threats are serious:} 20...
hxg5 $6 21. hxg5 Bd7 22. Rh1 Re8 $8 23. Rbb1 $1 Rb8 24. Qh7+ Kf8 25. Rxb8 Qxb8
26. Rf1 $16) 21. dxe5 (21. Bh7+ Kh8 22. dxe5 f6 23. Nf7+ (23. Bg6 fxg5 24. hxg5
Qc4+ $19) 23... Kxh7 24. exf6 Qxc2+ 25. Kf3 Rc8 $1 $40) 21... f5 22. exf6 (22.
Rxg7+ Kxg7 23. Rb7+ Qxb7 24. Nxe6+ Kg8 25. Qxh6 $132) 22... Rxf6 (22... Bxh5
23. Bh7+ $1 Kh8 24. fxg7#) 23. Nf7 Rxf7 (23... Bxf7 24. Qe5 $18 {[%cal Gg4g5]})
24. Rxf7 Bxf7 25. Qe5 $16 {1-0 Anand,V-Lputian,S/ARM-ROW m Moscow 2004/CBM 102/
[Psakhis] (60)}) 15... f6 16. cxd4 $146 {Only this move turns out to be a
novelty.} (16. Ng5 fxg5 17. Rxf8+ Kxf8 (17... Nxf8 18. Bxh7+ Nxh7 19. Qe8+ Nf8
20. Rf1 Qc5 21. cxd4 Qxa3 22. Qf7+ Kh7 23. Qh5+ $11) 18. Qxh7 Qxe5 19. Qxg6
Qg3+ 20. Kh1 Qh3+ 21. Kg1 Qxg4+ 22. Kh2 Qxh4+ 23. Kg2 Qg4+ 24. Kh2 Bd7 25. Rf1+
Ke7 26. Qxg7+ Kd6 {Lopez Martinez,J-Fernandez Romero,E/ESP-ch GpB Seville 2004/
The Week in Chess 511/1/2-1/2 (68)}) (16. exd4 $5) 16... Bd7 $8 17. exf6 (17.
Bxg6 hxg6 18. Qxg6 Rac8 $44) 17... Qg3+ (17... Be8 $5 18. f7+ Rxf7 19. Ne5 $36)
18. Kh1 Rxf6 (18... gxf6 $2 19. Bxg6 hxg6 20. Qxg6+ Kh8 21. Qh6+ Kg8 22. g5 $18
) 19. Ng5 $1 (19. g5 $2 Rff8 $36) 19... Qxh4+ $8 {It's clear that it'll be
easier for black to defend without the queens, even though white would've kept
some pressure in endgame anyway.} 20. Qxh4 Nxh4 21. Bxh7+ Kh8 (21... Kf8 22.
Kh2 Ke7 23. Kg3 Raf8 (23... Ng6 24. Bxg6 Rxg6 25. Rf7+ $16) 24. Rf4 $1 (24.
Rxf6 gxf6 25. Kxh4 Rh8 26. Rh1 $1 Kf8 $1 $11) 24... Ng6 25. Bxg6 Rxg6 26. Rxf8
Kxf8 27. Nf3 $16) 22. Bd3 Raf8 23. Kh2 Nf3+ (23... Ng6 $5 24. Kg3 Rxf1 25. Rxf1
(25. Bxf1 e5 $1) 25... Rxf1 26. Bxf1 e5 $5 $14) 24. Nxf3 Rxf3 25. Rxf3 Rxf3 26.
Kg2 $14 {With natural moves White has achieved his normal edge from this line,
but it is very difficult to transfere it to victory.} Rf8 27. Kg3 Kg8 28. Rh1
b6 29. g5 $5 Ba4 {[%cal Gf8c8,Gc8c3]} 30. Bh7+ (30. c4 $5 $36) 30... Kf7 31.
Rf1+ (31. Kf4 Ke7+ 32. Ke5 Rh8 $1) 31... Ke7 32. Rxf8 Kxf8 33. Kf4 Ke7 34. Ke5
Bb5 35. c3 ({And after} 35. e4 dxe4 36. Bxe4 Kd7 37. Bf3 Ke7 $14 {White could
hold the position with accurate defence.}) 35... Be2 {Black can easy protect
only weakness in his camp - pawn e6 -and the game heads towards a peaceful
conclusion.} 36. Bc2 (36. Bg8 Bg4) 36... Bg4 37. Bd3 a5 38. Bf1 (38. c4) 38...
Bf5 39. Be2 Bh3 40. Bd3 Bg4 41. c4 {[%cal Oc4d5,Rc4c5]} dxc4 $8 42. Bxc4 Bh3
43. e4 Bg4 44. Bb5 Bd1 45. Bc4 Bg4 46. Bb5 Bd1 47. Bc4 Bg4 48. d5 exd5 49. exd5
({Doesn't change outcome of the game and} 49. Bxd5 b5 50. Kd4 b4 51. axb4 axb4
52. Kc5 Bf3 53. Kxb4 Kd6 $11 {with quick draw.}) 49... Bd7 $1 {[%cal Gb6b5]}
50. d6+ Ke8 51. Be2 Ba4 52. Kd5 Kd8 53. Bd3 Kd7 54. Bf5+ Kd8 55. Bg4 Ke8 56.
Bh5+ Kd7 57. Bg4+ Ke8 58. Bh5+ 1/2-1/2